000 00952nam a2200301 a 4500
001 000038270
005 20201002031219.0
008 130405s1982 sp 000 0 spa d
020 _a8423906124
082 _a193
_bK16b, 1982
100 1 _aKant, Immanuel,
_dd1724-1804.
_964636
245 1 3 _aLo bello y lo sublime ; La paz perpetua /
_cKant ; traducciones de A. Sánchez Rivero y F. Rivera Pastor, respectivamente.
246 1 0 _aLa paz perpetua
250 _a7a. ed.
260 _aMadrid :
_bEspasa-Calpe,
_c1982.
300 _a159 p. ;
_c16 cm.
490 1 _aAustral
_v612
500 _aIncluye notas al pie de las páginas
650 4 _aEstética
_9653
650 4 _aPaz
_929363
700 1 2 _aSánchez Rivero, Ángel
_964637
700 1 2 _aRivera Pastor, F.
_964638
740 3 _aLo bello y lo sublime
740 3 _aLa paz perpetua
830 0 _aAustral
_n612
_964639
910 _aValidado. Control de calidad MFF
999 _c37760
_d37760
040 _aDO-SdBNP